[Event "EU-ch Railways USIC op"]
[Site "Dresden"]
[Date "2000.06.23"]
[Round "5"]
[White "Neukirch, Detlef"]
[Black "Paic, Ivica"]
[Result "1-0"]
[WhiteElo "2226"]
[BlackElo "2120"]
[PlyCount "29"]
[EventDate "2000.06.20"]
[EventType "swiss"]
[EventRounds "7"]
[EventCountry "GER"]
[SourceTitle "EXT 2001"]
[Source "ChessBase"]
[SourceDate "2000.11.22"]
[SourceVersion "1"]
[SourceVersionDate "2000.11.22"]
[SourceQuality "1"]

1. e4 c5 2. Nf3 Nc6 3. d4 cxd4 4. Nxd4 Nf6 5. Nc3 e5 6. Ndb5 d6 7. a4 Be7 8. Bg5 a6 9. Bxf6 gxf6 10. Na3 Be6 11. Nc4 Nd4 12. Nd5 Rc8 13. c3 Bxd5 14. exd5 b5 15. Ne3 1-0

[Event "EU-ch Railways USIC op"]
[Site "Dresden"]
[Date "2000.06.21"]
[Round "3"]
[White "Paic, Ivica"]
[Black "Ruetzel, Wolfgang"]
[Result "1/2-1/2"]
[WhiteElo "2120"]
[BlackElo "2035"]
[PlyCount "24"]
[EventDate "2000.06.20"]
[EventType "swiss"]
[EventRounds "7"]
[EventCountry "GER"]
[SourceTitle "EXT 2001"]
[Source "ChessBase"]
[SourceDate "2000.11.22"]
[SourceVersion "1"]
[SourceVersionDate "2000.11.22"]
[SourceQuality "1"]

1. d4 g6 2. c4 Bg7 3. Nf3 d6 4. g3 Nc6 5. Bg2 Nf6 6. 0-0 0-0 7. b3 Bg4 8. Bb2 Qc8 9. Re1 Bxf3 10. Bxf3 Nd7 11. Bc3 e5 12. Bxc6 bxc6 1/2-1/2